000 00310nam a2200133Ia 4500
008 220216s9999 xx 000 0 und d
100 _aJacob Jom
245 0 _aNR shortage looms
260 _bRubber Asia
_c2014
300 _a58-63
500 _aSource Year: 2014
650 _aGlobal NR demand
942 _cJS
999 _c64191
_d64191